| 000 | 01425cam a22003497a 4500 | ||
|---|---|---|---|
| 999 |
_c129826 _d129826 |
||
| 001 | 16300691 | ||
| 003 | ARRUPE | ||
| 005 | 20190910104035.0 | ||
| 008 | 100624s2011 caua 001 0 eng d | ||
| 010 | _a 2010931314 | ||
| 020 | _a9781586175160 (pbk) | ||
| 035 | _a(OCoLC)ocn671704346 | ||
| 040 |
_aBTCTA _beng _cBTCTA _dYDXCP _dHFC _dPRK _dDLC |
||
| 041 | 1 |
_aeng _hger |
|
| 042 | _alccopycat | ||
| 050 | 0 | 0 |
_aBX1961 _b.B463 2011 |
| 082 | 0 | 0 |
_a238/.2 _223 |
| 130 | 0 |
_aYouCat Deutsch : Jugendkatechismus der katholischen Kirche. _lEnglish. _948109 |
|
| 245 | 1 | 0 |
_aYoucat English : _byouth catechism of the Catholic Church / _ctranslated by Michael J. Miller ; with a foreword by Pope Benedict XVI. |
| 246 | 3 | 0 | _aYoucat |
| 246 | 3 | 0 | _aYouth catechism of the Catholic Church |
| 260 |
_aSan Francisco, Calif. : _bIgnatius Press, _cc2011. |
||
| 300 |
_a303 p. : _bill. (mostly col.) ; _c21 cm. |
||
| 500 | _aOriginal German edition published in Munich, Germany by Pattloch Verlag, c2010. | ||
| 500 | _aIncludes index. | ||
| 610 | 2 | 0 |
_aCatholic Church _vCatechisms. _948110 |
| 610 | 2 | 0 |
_aCatholic Church _vCatechisms _vJuvenile literature. _948111 |
| 700 | 1 |
_aMiller, Michael J. _948112 |
|
| 700 | 0 |
_aBenedict _bXVI, _cPope, _d1927- _948113 |
|
| 906 |
_a7 _bcbc _ccopycat _d2 _encip _f20 _gy-gencatlg |
||
| 942 |
_2lcc _cMONOGRAPH |
||